Supply chain management : the basics and beyond /

Guardado en:
Autor Principal: Copacino, William C., 1950-
Formato: Libro
Idioma:English
Publicado: Boca Raton, Fla. : Falls Church, Va. : St. Lucie Press ; APICS, c1997.
Series:The St. Lucie Press/APICS series on resource management
Materias:
Etiquetas: Agregar Etiqueta
Sin Etiquetas, Sea el primero en etiquetar este registro!
LEADER 00904cam a22002415a 4500
001 EIQ.libpla001438
008 970506s1997####flua##########001#0#eng#d
005 20061017180342.0
245 1 0 |a Supply chain management :  |b the basics and beyond /  |c William C. Copacino. 
260 |a Boca Raton, Fla. :  |b St. Lucie Press ;  |a Falls Church, Va. :  |b APICS,  |c c1997. 
300 |a xviii, 204 p. :  |b il. ;  |c 24 cm. 
440 4 |a The St. Lucie Press/APICS series on resource management 
500 |a Incluye índice. 
020 |a 1574440748 
100 1 |a Copacino, William C.,  |d 1950- 
082 0 0 |a 658.7  |2 21 
650 4 |a Logística de negocio  |x Rentabiblidad. 
650 4 |a Entrega de mercancías  |x Gerencia. 
650 0 |a Business logistics  |x Cost effectiveness. 
650 0 |a Delivery of goods  |x Management. 
010 |a  97152801  
040 |a InFw  |c InFw  |d DLC  |d AR-BbSID 
859 |a AR-BbSID  |b BIB. PLAPIQUI  |h 658.5  |i C 79  |p 5034